Manuel de la langue égyptienne (Record no. 158115)

MARC details
000 -LEADER
campo de control de longitud fija 00624nam a22001815i 4500
001 - NÚMERO DE CONTROL
campo de control 158115
003 - IDENTIFICADOR DE NÚMERO DE CONTROL
campo de control ES-MaACL
005 - FECHA Y HORA DE LA ÚLTIMA TRANSACCIÓN
campo de control 20230906211020.0
008 - DATOS DE LONGITUD FIJA--INFORMACIÓN GENERAL
campo de control de longitud fija 000825s1889 fr |||| | fre d
040 ## - FUENTE DE CATALOGACIÓN
Centro catalogador/agencia de origen CCPB | B
Lengua de catalogación spa
Centro/agencia transcriptor CCPB | B
100 1# - ENTRADA PRINCIPAL--NOMBRE DE PERSONA
Nombre de persona Loret, Victor.
9 (RLIN) 129080
245 10 - MENCIÓN DEL TÍTULO
Título Manuel de la langue égyptienne
Resto del título : grammaire, tableau des hiéroglyphes, textes et glosssaire /
Mención de responsabilidad, etc. par Victor Loret.
260 ## - PUBLICACIÓN, DISTRIBUCIÓN, ETC.
Lugar de publicación, distribución, etc. Paris :
Nombre del editor, distribuidor, etc. Ernest Leroux,
Fecha de publicación, distribución, etc. 1889.
300 ## - DESCRIPCIÓN FÍSICA
Extensión IX, 173 p. ;
Dimensiones 28 cm.
650 #4 - PUNTO DE ACCESO ADICIONAL DE MATERIA--TÉRMINO DE MATERIA
Término de materia o nombre geográfico como elemento de entrada Lengua egipcia.
9 (RLIN) 14113
752 ## - ENTRADA AGREGADA--NOMBRE JERÁRQUICO DEL LUGAR
País o entidad superior Francia -
Ciudad París
852 ## - LOCALIZACIÓN
Ubicación ES-MaACL
Número de control de estantería R-2708
Nota libre -- Enc. pasta
Encuadernación Olim:A-424
Holdings
Estatus retirado Estado de pérdida Estado de daño No para préstamo Colección Biblioteca de origen Biblioteca actual Ubicación en estantería Fecha de adquisición Fuente de adquisición Total de préstamos Signatura topográfica completa Código de barras Visto por última vez Precio de reemplazo Tipo de ítem Koha
        Libros del s. XIX Biblioteca del Ateneo de Madrid Biblioteca del Ateneo de Madrid Depósito 17/01/2008     R-2708 1165482 23/02/2023 23/02/2023 Libro impreso antiguo